Представление документа в формате RUSMARC

ПолеНазваниеЗначение
  Тип записи a
  Библиографический уровень m
001 Контрольный номер 0665e7c775ec4855b6d0825f6993336a
005 Дата корректировки 20140602134607.2
010 Индекс ISBN __
a ISBN 978-5-8018-0488-0
101 Язык документа 0_
a Язык текста rus
102 Страна публикации __
a Страна публикации RU
200 Заглавие и сведения об ответственности 1_
a Заглавие Резервы в бухгалтерском и налоговом учете
f Первые сведения об ответственности А. А. Ефремова
210 Выходные данные 1_
c Издательство Бухгалтерский учет
a Место издания М.
d Дата издания 2010
215 Физическое описание __
a Объем 190, [2] с.
225 Серия 2_
a Серия Б-ка журн. "Бухгалтерский учет"
v Обозначение тома вып. 1
610 Ключевые слова 0_
a Ключевые слова бухгалтерский учет
610 Ключевые слова 0_
a Ключевые слова налоговый учет
610 Ключевые слова 0_
a Ключевые слова резервы предстоящих расходов
610 Ключевые слова 0_
a Ключевые слова учет резервов
610 Ключевые слова 0_
a Ключевые слова оценочные резервы
610 Ключевые слова 0_
a Ключевые слова резервный капитал
686 Индексы других классификаций __
a Классификационный индекс 65.052.9(2)261.413
2 Код системы rubbk
700 Автор _1
a Фамилия Ефремова
b Имя А. А.
g Полное личное имя Анна Алексеевна
801 Источник записи _0
a Страна RU
b Организация РУК
c Дата составления 20100407
g Правила каталогизации PSBO
801 Источник записи _1
a Страна RU
b Организация РУК
c Дата составления 20100407
g Правила каталогизации PSBO
852 Данные о местонахождении __
i Авторский знак Е 92
j Шифр хранения ББК 65.052
901 Тип документа __
t Тип документа m
938 Служебная информация __
a Название организации Головной вуз
b Имя БД BOOK
c Название АИБС АИБС ИРБИС